| 000 | 00716cam a2200241 4500 | ||
|---|---|---|---|
| 999 |
_c216187 _d216187 |
||
| 003 | OSt | ||
| 005 | 20260121115605.0 | ||
| 008 | 100609n 000 0 eng u | ||
| 020 | _a9781418039462 | ||
| 020 | _a1418039462 | ||
| 035 | _a(Sirsi) a169835 | ||
| 040 |
_aCIP _cunza _erda |
||
| 050 |
_aRJ245.P4 _bPOT 2007 |
||
| 100 | _aPotts, Nicki L | ||
| 245 |
_aPediatric Nursing: _bCaring for Children and their families/ _cNicki L. Potts; Barbara L. Mandleco |
||
| 250 | _a2nd ed. | ||
| 260 |
_aNew York : _bThomson, _c2007 |
||
| 300 |
_axxxii,1342p.: _bill. |
||
| 504 | _aIncludes bibliographical references and index | ||
| 650 | _aPediatric nursing | ||
| 700 | _aMandleco, Barbara L. | ||
| 942 |
_2lcc _cBOOK |
||